Introdução à teoria dos reticulados. Tomo II /

Guardado en:
Autor Principal: Morgado, José.
Formato: Libro
Idioma:Portuguese
Publicado: [Recife?] : Instituto de Física e Matemática, Universidade do Recife, 1962.
Series:Textos de matemática ; no. 11
Etiquetas: Agregar Etiqueta
Sin Etiquetas, Sea el primero en etiquetar este registro!
LEADER 00574nam a22001575a 4500
001 MAT.inmabb001364
008 031124s1962####bl############000#0#por#d
005 20170809143158.0
245 1 0 |a Introdução à teoria dos reticulados.  |n Tomo II /  |c por José Morgado. 
260 |a [Recife?] :  |b Instituto de Física e Matemática, Universidade do Recife,  |c 1962. 
300 |a 245-342, v p. ;  |c 24 cm. 
440 0 |a Textos de matemática ;  |v no. 11 
510 4 |a MR,  |c 35 #91  |3 Tomos I, II 
100 1 |a Morgado, José. 
084 |a 06-XX  |2 msc2000 
859 |h 06  |i M847  |p A-1017  |v 2  |3 Tomo II  |b BIB. MATEMATICA